000 00274nam a22001217a 4500
008 170303b xxu||||| |||| 00| 0 eng d
041 _aeng
080 _211TH
_a575
100 _a6
101 _aSHM
245 _aMENDELIAN INHERITANCE IN MAN
_cMCKUSICK, V.A
942 _2udc
_cBK
999 _c6726
_d6726